[Event "5. Bamberg Open B"]
[Site "Bamberg"]
[Date "2023.07.28"]
[Round "4"]
[Board "14"]
[White "Riesterer, Michael"]
[Black "Mattgey, Werner"]
[Result "1-0"]
[WhiteElo "1549"]
[BlackElo "1716"]
[PlyCount "53"]
[EventDate "2023.07.26"]
[EventRounds "7"]
[EventCountry "GER"]

1. d4 e5 2. dxe5 Nc6 3. Nf3 Qe7 4. Qd5 f6 5. exf6 Nxf6 6. Qb3 d5 7. Bg5 Ne5 8. Bxf6
Nxf3+ 9. Qxf3 Qxf6 10. Qxf6 gxf6 11. Nd2 Bf5 12. O-O-O Bc5 13. e3 c6 14. Nb3 Bb6
15. Nd4 Bg6 16. Ne6 Kf7 17. Nf4 Be4 18. Be2 Bc7 19. f3 Bxf4 20. exf4 Bf5 21. g4 Rae8
22. Rd2 Bc8 23. h4 Re3 24. Rf1 Rhe8 25. Bd3 Kg7 26. Kd1 c5 27. Bb5  1-0

[Event "5. Bamberg Open B"]
[Site "Bamberg"]
[Date "2023.07.28"]
[Round "4"]
[Board "15"]
[White "Roselius, Philipp"]
[Black "Kroener, Marco Alexander"]
[Result "0-1"]
[WhiteElo "1511"]
[BlackElo "1535"]
[PlyCount "50"]
[EventDate "2023.07.26"]
[EventRounds "7"]
[EventCountry "GER"]

1. d4 d5 2. Nf3 Nf6 3. e3 e6 4. Bd3 Bd6 5. Nbd2 O-O 6. O-O Nbd7 7. b3 e5 8. e4 dxe4
9. Nxe4 Nxe4 10. Bxe4 exd4 11. Bxh7+ Kxh7 12. Ng5+ Kg8 13. Qxd4 Nf6 14. Qh4 Be5 15.
Rb1 Bf5 16. Ba3 Bd6 17. Bb2 Bxc2 18. Rbd1 Bg6 19. Rd4 Nh7 20. Rg4 Nxg5 21. Rxg5 Be7
22. Rxg6 Bxh4 23. Rxg7+ Kh8 24. Rg5+ Kh7 25. Rh5+ Kg6  0-1

[Event "5. Bamberg Open B"]
[Site "Bamberg"]
[Date "2023.07.29"]
[Round "5"]
[Board "1"]
[White "Perrin, Brent"]
[Black "Billerbeck, Nick"]
[Result "1/2-1/2"]
[WhiteElo "1748"]
[BlackElo "1643"]
[PlyCount "58"]
[EventDate "2023.07.26"]
[EventRounds "7"]
[EventCountry "GER"]

1. e4 c5 2. Nc3 Nc6 3. f4 g6 4. Nf3 Bg7 5. Be2 d6 6. O-O e6 7. d3 Nge7 8. Qe1 O-O
9. Qh4 Nd4 10. Bd1 Nec6 11. Qh3 Nxf3+ 12. Rxf3 Nd4 13. Rf1 b5 14. Ne2 Nxe2+ 15. Bxe2
b4 16. Qg3 Qc7 17. Bg4 f5 18. Bf3 Bb7 19. h4 Bd4+ 20. Kh1 Qg7 21. Rb1 a5 22. a4 Rab8
23. b3 Kh8 24. Bd2 Rg8 25. Rbe1 Rbe8 26. Be3 Bc3 27. Rd1 Bd4 28. Rde1 Bc3 29. Rd1
Bd4  1/2-1/2

[Event "5. Bamberg Open B"]
[Site "Bamberg"]
[Date "2023.07.29"]
[Round "5"]
[Board "2"]
[White "Timm, Jasper"]
[Black "Eis, Cedric"]
[Result "1-0"]
[WhiteElo "1701"]
[BlackElo "1389"]
[PlyCount "119"]
[EventDate "2023.07.26"]
[EventRounds "7"]
[EventCountry "GER"]

1. Nf3 Nf6 2. d4 d5 3. g3 h6 4. Bg2 Bf5 5. O-O e6 6. c4 c6 7. Nc3 dxc4 8. Ne5 Be7
9. e4 Bh7 10. Nxc4 O-O 11. Re1 Re8 12. Bf4 Nbd7 13. d5 Nb6 14. Nxb6 axb6 15. dxe6
Qxd1 16. exf7+ Kxf7 17. Raxd1 Bb4 18. e5 Ng8 19. Rd7+ Re7 20. e6+ Ke8 21. Bh3 Nf6
22. Rdd1 Rd8 23. a3 Bxc3 24. bxc3 Nd5 25. Be5 b5 26. a4 Bg8 27. axb5 Bxe6 28. Bxe6
Rxe6 29. Bxg7 Rxe1+ 30. Rxe1+ Kf7 31. Bd4 Rc8 32. bxc6 bxc6 33. Re5 Ra8 34. Kg2 Ra4
35. Rf5+ Ke6 36. Rh5 Rc4 37. Rxh6+ Kf7 38. Rh8 Nxc3 39. Bxc3 Rxc3 40. Rc8 Kg6 41.
h4 c5 42. g4 Rc4 43. Rc6+ Kg7 44. Kg3 Kf7 45. h5 Rc3+ 46. Kf4 c4 47. Kg5 Rf3 48.
Rxc4 Rxf2 49. Rf4+ Rxf4 50. Kxf4 Kf6 51. g5+ Kg7 52. Kf5 Kf7 53. g6+ Kg7 54. Kg5
Kg8 55. Kf6 Kh8 56. g7+ Kg8 57. h6 Kh7 58. Kf7 Kxh6 59. g8=Q Kh5 60. Qg3  1-0

[Event "5. Bamberg Open B"]
[Site "Bamberg"]
[Date "2023.07.29"]
[Round "5"]
[Board "3"]
[White "May, Alexander"]
[Black "Hotman, Cagan Arhan"]
[Result "1/2-1/2"]
[WhiteElo "1670"]
[BlackElo "1587"]
[PlyCount "114"]
[EventDate "2023.07.26"]
[EventRounds "7"]
[EventCountry "GER"]

1. d4 d5 2. Nf3 Nf6 3. Bg5 Bf5 4. e3 e6 5. Bd3 Bg6 6. O-O Be7 7. Ne5 Nfd7 8. Bxe7
Qxe7 9. Nd2 Nxe5 10. dxe5 c5 11. b3 Nc6 12. Bb5 Qc7 13. f4 O-O 14. Bxc6 Qxc6 15.
c4 Rad8 16. Qf3 Qc7 17. cxd5 Rxd5 18. Nc4 f6 19. Rfd1 fxe5 20. Rxd5 e4 21. Qd1 exd5
22. Qxd5+ Kh8 23. Rd1 b6 24. Ne5 Qe7 25. Qd7 Qxd7 26. Rxd7 a6 27. Rd6 Rb8 28. Nxg6+
hxg6 29. Rxg6 Rd8 30. Rxb6 Rd1+ 31. Kf2 Rd2+ 32. Kf1 Rxa2 33. h4 Ra1+ 34. Kf2 Ra2+
35. Ke1 Rxg2 36. Rxa6 Rb2 37. Re6 Rxb3 38. Rxe4 Kh7 39. Kd2 Kg6 40. Re5 c4 41. Rc5
Rd3+ 42. Ke2 Rc3 43. e4 Rh3 44. Rxc4 Rxh4 45. Kf3 Rh1 46. Rc7 Rf1+ 47. Ke3 Re1+ 48.
Kd4 Ra1 49. Rc5 Ra4+ 50. Ke5 Kh5 51. f5 Kg4 52. Rd5 Kf3 53. Rd3+ Kg4 54. Rd4 Ra5+
55. Ke6 Ra6+ 56. Kf7 Ra7+ 57. Kg6 Kf4  1/2-1/2

[Event "5. Bamberg Open B"]
[Site "Bamberg"]
[Date "2023.07.29"]
[Round "5"]
[Board "5"]
[White "Heiler, Karl"]
[Black "Koberstein, Simon"]
[Result "1-0"]
[WhiteElo "1797"]
[BlackElo "1495"]
[PlyCount "53"]
[EventDate "2023.07.26"]
[EventRounds "7"]
[EventCountry "GER"]

1. e4 c5 2. Nf3 g6 3. d3 Bg7 4. g3 Nc6 5. Bg2 d6 6. Nbd2 Nf6 7. O-O O-O 8. Re1 Bg4
9. h3 Be6 10. Ng5 Qd7 11. c3 d5 12. Nxe6 fxe6 13. e5 Nh5 14. Nf3 d4 15. c4 Qc7 16.
Ng5 Qd7 17. Bxc6 Qxc6 18. Qg4 Rf5 19. f4 Bh6 20. Ne4 Raf8 21. Qh4 Nxf4 22. gxf4 Qa4
23. Qxe7 Bxf4 24. Bxf4 Rxf4 25. Nf6+ R4xf6 26. exf6 Qc2 27. Qg7#  1-0

[Event "5. Bamberg Open B"]
[Site "Bamberg"]
[Date "2023.07.29"]
[Round "5"]
[Board "6"]
[White "Riesterer, Michael"]
[Black "Averkova, Olena"]
[Result "0-1"]
[WhiteElo "1549"]
[BlackElo "1743"]
[PlyCount "58"]
[EventDate "2023.07.26"]
[EventRounds "7"]
[EventCountry "GER"]

1. d4 d5 2. Bf4 e6 3. e3 Nf6 4. Nd2 Nbd7 5. c3 c5 6. Bd3 Qb6 7. Rb1 Be7 8. h4 Bd6
9. Ngf3 Qc7 10. Bxd6 Qxd6 11. Bb5 a6 12. dxc5 Qxc5 13. Be2 e5 14. Nb3 Qe7 15. h5
h6 16. Na5 O-O 17. Nb3 b6 18. Qc2 Bb7 19. Nh4 e4 20. Nf5 Qe5 21. Rh3 Qxf5 22. Nd4
Qe5 23. Kd2 Nh7 24. f4 exf3 25. Nxf3 Qe7 26. Nd4 Ng5 27. Nf5 Qe5 28. Rh4 Ne4+ 29.
Ke1 Qxf5  0-1

[Event "5. Bamberg Open B"]
[Site "Bamberg"]
[Date "2023.07.29"]
[Round "5"]
[Board "7"]
[White "Kroener, Marco Alexander"]
[Black "Thurn, Stephan"]
[Result "1-0"]
[WhiteElo "1535"]
[BlackElo "1539"]
[PlyCount "89"]
[EventDate "2023.07.26"]
[EventRounds "7"]
[EventCountry "GER"]

1. e4 e5 2. Nf3 Nc6 3. d4 exd4 4. Nxd4 Bc5 5. Nb3 Bb6 6. Nc3 Nf6 7. Bg5 d6 8. Qe2
h6 9. Bh4 Nd4 10. Nxd4 Bxd4 11. Qd3 Be5 12. O-O-O Bd7 13. f3 Bc6 14. Nd5 g5 15. Bg3
Kf8 16. Bxe5 dxe5 17. Qa3+ Kg7 18. Nb6 Qxd1+ 19. Kxd1 axb6 20. Qb3 Nd7 21. a3 Nc5
22. Qc3 Rhd8+ 23. Kc1 Rd4 24. Bd3 Na4 25. Qe1 Rad8 26. Qg3 f6 27. Rd1 Bb5 28. Qe1
Bxd3 29. Rxd3 Rxd3 30. cxd3 Nc5 31. Kc2 Nxd3 32. Qg3 Nf4 33. h4 Rd3 34. hxg5 hxg5
35. Qg4 Rd8 36. g3 Ng2 37. Qe6 Ne1+ 38. Kb3 Rd3+ 39. Ka2 c5 40. f4 gxf4 41. gxf4
exf4 42. Qg4+ Kf7 43. Qxf4 Rd4 44. Qc7+ Kg6 45. Qg3+  1-0

[Event "5. Bamberg Open B"]
[Site "Bamberg"]
[Date "2023.07.29"]
[Round "5"]
[Board "8"]
[White "Wagner, Alexander"]
[Black "Roehr, Susanne"]
[Result "1-0"]
[WhiteElo "1492"]
[BlackElo "1649"]
[PlyCount "33"]
[EventDate "2023.07.26"]
[EventRounds "7"]
[EventCountry "GER"]

1. Nf3 d5 2. c4 c6 3. g3 Nf6 4. Bg2 Bf5 5. cxd5 cxd5 6. Qb3 Qc7 7. Nc3 e6 8. d3 a6
9. Bf4 Qc8 10. Na4 Nfd7 11. Rc1 Nc6 12. O-O b5 13. Nc3 Qb7 14. Nxd5 e5 15. Nxe5 Nc5
16. Qc3 Rc8 17. Nxc6  1-0

[Event "5. Bamberg Open B"]
[Site "Bamberg"]
[Date "2023.07.29"]
[Round "5"]
[Board "9"]
[White "Ronsin, Corentin"]
[Black "Zaid, Shannak"]
[Result "1-0"]
[WhiteElo "1562"]
[BlackElo "1433"]
[PlyCount "75"]
[EventDate "2023.07.26"]
[EventRounds "7"]
[EventCountry "GER"]

1. d4 Nf6 2. c4 g6 3. Nc3 Bg7 4. e4 d6 5. Nf3 O-O 6. Be2 Na6 7. h3 e5 8. d5 Nc5 9.
Qc2 a5 10. g4 b6 11. Be3 Ba6 12. Rb1 Qd7 13. b3 Bb7 14. a3 c6 15. g5 Nh5 16. b4 cxd5
17. cxd5 axb4 18. axb4 Na4 19. Bb5 Qc7 20. Bxa4 Rxa4 21. Qxa4 Qxc3+ 22. Nd2 Ng3 23.
fxg3 Qxe3+ 24. Kd1 Qxg3 25. h4 h6 26. Qb3 Qg4+ 27. Qf3 Qd7 28. h5 f5 29. gxh6 fxe4
30. Qxe4 Bxh6 31. Qxg6+ Qg7 32. Qxg7+ Kxg7 33. Rg1+ Kh7 34. Rg6 Rf2 35. Ne4 Rf1+
36. Ke2 Rxb1 37. Nf6+ Kh8 38. Rg8#  1-0

[Event "5. Bamberg Open B"]
[Site "Bamberg"]
[Date "2023.07.29"]
[Round "5"]
[Board "10"]
[White "Alferova, Emily"]
[Black "Buettner, Anton"]
[Result "1/2-1/2"]
[WhiteElo "1545"]
[BlackElo "1424"]
[PlyCount "47"]
[EventDate "2023.07.26"]
[EventRounds "7"]
[EventCountry "GER"]

1. d4 d5 2. Nf3 Nf6 3. e3 e6 4. Bd3 Be7 5. Nbd2 O-O 6. O-O Nbd7 7. c3 c5 8. e4 dxe4
9. Nxe4 b6 10. dxc5 Nxc5 11. Nxc5 Bxc5 12. Bg5 Be7 13. Qe2 Bb7 14. Bxf6 Bxf6 15.
Be4 Qc7 16. Bxb7 Qxb7 17. Rad1 Rad8 18. Qc4 Rc8 19. Qe2 Rfd8 20. Rfe1 Qc7 21. h3
Rxd1 22. Rxd1 Rd8 23. Rxd8+ Qxd8 24. Qd2  1/2-1/2

[Event "5. Bamberg Open B"]
[Site "Bamberg"]
[Date "2023.07.29"]
[Round "5"]
[Board "11"]
[White "Delikatnyi, Denys"]
[Black "Jirman, Jonas"]
[Result "1-0"]
[WhiteElo "1614"]
[BlackElo "1238"]
[PlyCount "87"]
[EventDate "2023.07.26"]
[EventRounds "7"]
[EventCountry "GER"]

1. e4 c5 2. c3 d5 3. exd5 Qxd5 4. d4 cxd4 5. cxd4 Nc6 6. Nf3 e5 7. dxe5 Qxd1+ 8.
Kxd1 Bg4 9. Nbd2 O-O-O 10. Be2 Bxf3 11. Bxf3 Nxe5 12. Ke2 Re8 13. Rd1 Ng4+ 14. Ne4
Ne5 15. Bf4 Nc6 16. Bg4+ Re6 17. Bxe6+ fxe6 18. Rac1 Nf6 19. Nd6+ Bxd6 20. Rxd6 Re8
21. Be5 Re7 22. b4 a6 23. a4 Ne8 24. b5 Nxd6 25. Bxd6 Kd7 26. Rd1 axb5 27. axb5 Nd8
28. Bxe7+ Kxe7 29. Ke3 Nf7 30. b6 Nd6 31. Rc1 Ne8 32. Kd4 Kd6 33. f4 Nf6 34. Rc7
Ne8 35. Rxb7 Kc6 36. Re7 Nd6 37. Rxe6 Kd7 38. Rxd6+ Kxd6 39. b7 Kc7 40. Ke5 Kxb7
41. Ke6 h6 42. g4 Kc8 43. Kf7 g5 44. f5  1-0

[Event "5. Bamberg Open B"]
[Site "Bamberg"]
[Date "2023.07.29"]
[Round "5"]
[Board "12"]
[White "Miller, Lysander"]
[Black "Gebhardt, Christian"]
[Result "0-1"]
[WhiteElo "1656"]
[BlackElo "1869"]
[PlyCount "82"]
[EventDate "2023.07.26"]
[EventRounds "7"]
[EventCountry "GER"]

1. e4 e6 2. d4 d5 3. Nd2 Nf6 4. e5 Nfd7 5. Bd3 c5 6. c3 Nc6 7. Ne2 cxd4 8. cxd4 f6
9. Nf4 Nxd4 10. Qh5+ Ke7 11. Ng6+ hxg6 12. exf6+ Nxf6 13. Qxh8 Kf7 14. Qh4 e5 15.
O-O Qb6 16. Nf3 Nxf3+ 17. gxf3 Be7 18. Qg3 e4 19. fxe4 dxe4 20. Bc4+ Be6 21. Be3
Qc6 22. Bxe6+ Qxe6 23. Rfe1 Rh8 24. h4 Bd6 25. f4 exf3 26. Bf4 Bxf4 27. Qxf4 Qh3
28. Qc7+ Kg8 29. Qb8+ Kh7 30. Qh2 Qg4+ 31. Kh1 Rc8 32. Rg1 Qe4 33. Rae1 Qc6 34. Qf2
Rf8 35. Ref1 Ne4 36. Qh2 f2 37. Rg2 Nd2 38. h5 g5 39. h6 Nxf1 40. hxg7+ Nxh2 41.
gxf8=Q f1=Q+  0-1

[Event "5. Bamberg Open B"]
[Site "Bamberg"]
[Date "2023.07.29"]
[Round "5"]
[Board "13"]
[White "Wolf, Finn"]
[Black "Kotitschke, Karlheinz"]
[Result "0-1"]
[WhiteElo "1676"]
[BlackElo "1856"]
[PlyCount "36"]
[EventDate "2023.07.26"]
[EventRounds "7"]
[EventCountry "GER"]

1. e4 e6 2. d4 d5 3. Nc3 Nf6 4. e5 Ng8 5. f4 c5 6. Nf3 Nh6 7. Ne2 Nc6 8. c3 Nf5 9.
Ng3 Nxg3 10. hxg3 Bd7 11. Bd3 Qb6 12. Bc2 cxd4 13. Nxd4 Bc5 14. Nxc6 Bf2+ 15. Kf1
Bxc6 16. Qf3 Bc5 17. b4 Be7 18. Be3 Qa6+  0-1

[Event "5. Bamberg Open B"]
[Site "Bamberg"]
[Date "2023.07.29"]
[Round "5"]
[Board "14"]
[White "Holzhausen, Joerg"]
[Black "Martin Fernandez, Rafael"]
[Result "1/2-1/2"]
[WhiteElo "1520"]
[BlackElo "1643"]
[PlyCount "113"]
[EventDate "2023.07.26"]
[EventRounds "7"]
[EventCountry "GER"]

1. d4 Nf6 2. c4 g6 3. Nc3 Bg7 4. e4 d6 5. f4 O-O 6. Nf3 c5 7. d5 e6 8. Bd3 exd5 9.
cxd5 Re8 10. O-O Bg4 11. Qc2 Bxf3 12. Rxf3 Ng4 13. g3 Bd4+ 14. Kg2 Na6 15. a3 Qa5
16. Rb1 Qb6 17. Bd2 Rac8 18. Na4 Qc7 19. b3 Qd7 20. h3 Nf6 21. f5 b5 22. Nb2 Be5
23. fxg6 fxg6 24. Rbf1 Rf8 25. Bh6 Rf7 26. g4 Nc7 27. Qe2 Re8 28. g5 a6 29. gxf6
Bd4 30. Qc2 Be5 31. Bd2 Ref8 32. Bh6 Re8 33. Bd2 Ref8 34. Bg5 Ne8 35. Bh6 Nxf6 36.
Bxf8 Rxf8 37. Qe2 Kg7 38. Bb1 Re8 39. Nd3 Bd4 40. Nf4 Be5 41. Ne6+ Kf7 42. Qf2 Qe7
43. Qh4 h5 44. Qg5 Rg8 45. Rxf6+ Bxf6 46. e5 dxe5 47. Qxe5 g5 48. Qc7 Qxc7 49. Nxc7
Rd8 50. Be4 Ke7 51. Ne6 Rc8 52. Rc1 Kd6 53. Kf2 c4 54. a4 c3 55. Ke3 bxa4 56. bxa4
Rc4 57. a5  1/2-1/2

[Event "5. Bamberg Open B"]
[Site "Bamberg"]
[Date "2023.07.29"]
[Round "5"]
[Board "15"]
[White "Kiesendahl, Roland"]
[Black "Kovalskyy, Alicia"]
[Result "1-0"]
[WhiteElo "1797"]
[BlackElo "1480"]
[PlyCount "75"]
[EventDate "2023.07.26"]
[EventRounds "7"]
[EventCountry "GER"]

1. e4 e5 2. Nf3 Nc6 3. Nc3 Nf6 4. d4 exd4 5. Nxd4 Bb4 6. Nxc6 bxc6 7. Bd3 d5 8. exd5
cxd5 9. O-O O-O 10. h3 c6 11. Qf3 Rb8 12. Bf4 Bd6 13. b3 Be6 14. Ne2 c5 15. Bxd6
Qxd6 16. Nf4 Rb4 17. Nxe6 fxe6 18. c4 a5 19. Qd1 Qc6 20. Qc2 d4 21. Rfe1 a4 22. Re5
axb3 23. axb3 Qb6 24. Rae1 Rxb3 25. Rxe6 Qb4 26. Re7 Rb2 27. Qc1 Qd2 28. Qxd2 Rxd2
29. Bf1 Rc8 30. Rb1 Kf8 31. Rbb7 Ne8 32. Rbd7 Rb8 33. Be2 Rb1+ 34. Kh2 Re1 35. Rf7+
Kg8 36. Bf3 d3 37. Bd5 Nf6 38. Rxf6+  1-0

[Event "5. Bamberg Open B"]
[Site "Bamberg"]
[Date "2023.07.29"]
[Round "6"]
[Board "1"]
[White "Perrin, Brent"]
[Black "Timm, Jasper"]
[Result "1/2-1/2"]
[WhiteElo "1748"]
[BlackElo "1701"]
[PlyCount "24"]
[EventDate "2023.07.26"]
[EventRounds "7"]
[EventCountry "GER"]

1. e4 e5 2. Nf3 Nc6 3. Bb5 Nf6 4. d3 Bc5 5. O-O Nd4 6. Nxd4 Bxd4 7. c3 Bb6 8. Bg5
O-O 9. Nd2 c6 10. Ba4 h6 11. Bh4 d6 12. h3 Be6  1/2-1/2

[Event "5. Bamberg Open B"]
[Site "Bamberg"]
[Date "2023.07.29"]
[Round "6"]
[Board "2"]
[White "Billerbeck, Nick"]
[Black "Heiler, Karl"]
[Result "1/2-1/2"]
[WhiteElo "1643"]
[BlackElo "1797"]
[PlyCount "34"]
[EventDate "2023.07.26"]
[EventRounds "7"]
[EventCountry "GER"]

1. e4 d6 2. d4 e5 3. Nf3 Nf6 4. Nc3 Nbd7 5. Bc4 Be7 6. h3 O-O 7. Be3 c6 8. Qd2 b5
9. Bd3 a6 10. Ne2 exd4 11. Nfxd4 Bb7 12. c3 c5 13. Nf5 Bxe4 14. O-O Bxd3 15. Qxd3
Ne5 16. Qc2 Nd5 17. Bf4 Nxf4  1/2-1/2

[Event "5. Bamberg Open B"]
[Site "Bamberg"]
[Date "2023.07.29"]
[Round "6"]
[Board "3"]
[White "Grining, Maria"]
[Black "May, Alexander"]
[Result "1-0"]
[WhiteElo "1753"]
[BlackElo "1670"]
[PlyCount "77"]
[EventDate "2023.07.26"]
[EventRounds "7"]
[EventCountry "GER"]

1. d4 Nf6 2. Nf3 g6 3. c4 Bg7 4. Nc3 O-O 5. Bg5 d6 6. e3 Nc6 7. Be2 h6 8. Bh4 Bf5
9. a3 a5 10. O-O g5 11. Bg3 Nh5 12. d5 Nxg3 13. hxg3 Ne5 14. Nd4 Bd7 15. f4 Ng6 16.
Bd3 g4 17. Qc2 Bxd4 18. exd4 f5 19. Rfe1 Rf7 20. c5 c6 21. Bc4 cxd5 22. Bxd5 e6 23.
Bxe6 Bxe6 24. Rxe6 Rf6 25. Qb3 Kg7 26. cxd6 Rxe6 27. Qxe6 Qb6 28. Qf6+ Kxf6 29. Nd5+
Ke6 30. Nxb6 Ra6 31. d7 Rxb6 32. d8=Q Rxb2 33. Re1+ Kf7 34. d5 Nxf4 35. gxf4 g3 36.
Qe8+ Kf6 37. Re6+ Kg7 38. Qd7+ Kf8 39. Re8#  1-0

[Event "5. Bamberg Open B"]
[Site "Bamberg"]
[Date "2023.07.29"]
[Round "6"]
[Board "4"]
[White "Averkova, Olena"]
[Black "Kroener, Marco Alexander"]
[Result "1/2-1/2"]
[WhiteElo "1743"]
[BlackElo "1535"]
[PlyCount "73"]
[EventDate "2023.07.26"]
[EventRounds "7"]
[EventCountry "GER"]

1. e4 e5 2. Nf3 Nf6 3. Bc4 Nxe4 4. d3 Nf6 5. Bg5 d5 6. Bb3 Be7 7. Nxe5 O-O 8. O-O
c6 9. d4 Nbd7 10. f4 Ne4 11. Bxe7 Qxe7 12. Nd2 Nxe5 13. fxe5 Nxd2 14. Qxd2 f6 15.
exf6 Rxf6 16. c3 Bf5 17. Rae1 Qd6 18. Re5 Bg6 19. Rxf6 Qxf6 20. Qf2 Qxf2+ 21. Kxf2
Kf7 22. g4 Re8 23. Rxe8 Kxe8 24. Ke3 Ke7 25. g5 Ke6 26. Kf4 h6 27. gxh6 gxh6 28.
Bd1 Kf6 29. Bg4 Be8 30. a4 a5 31. b4 b6 32. h4 axb4 33. cxb4 c5 34. bxc5 bxc5 35.
dxc5 Bxa4 36. Bc8 Bc6 37. Bf5  1/2-1/2

[Event "5. Bamberg Open B"]
[Site "Bamberg"]
[Date "2023.07.29"]
[Round "6"]
[Board "5"]
[White "Hotman, Cagan Arhan"]
[Black "Ronsin, Corentin"]
[Result "0-1"]
[WhiteElo "1587"]
[BlackElo "1562"]
[PlyCount "58"]
[EventDate "2023.07.26"]
[EventRounds "7"]
[EventCountry "GER"]

1. e4 c5 2. Nf3 e6 3. d4 cxd4 4. Nxd4 Nf6 5. Nc3 Nc6 6. Ndb5 Bc5 7. Bf4 O-O 8. Qd2
Bb4 9. Qe3 a6 10. Nd4 Bc5 11. O-O-O e5 12. Bxe5 Nxe5 13. Qg3 d6 14. f4 Nh5 15. Qe1
Nxf4 16. Nb3 Qg5 17. Kb1 Be6 18. g3 Nfg6 19. h4 Qe3 20. Be2 h6 21. Rf1 Bxb3 22. axb3
Bb4 23. h5 Ne7 24. Rf4 Rac8 25. Qf1 Bxc3 26. bxc3 Qxc3 27. Rc1 Rc5 28. Qe1 Qxe1 29.
Rxe1 Rfc8  0-1

[Event "5. Bamberg Open B"]
[Site "Bamberg"]
[Date "2023.07.29"]
[Round "6"]
[Board "6"]
[White "Kiesendahl, Roland"]
[Black "Wagner, Alexander"]
[Result "1-0"]
[WhiteElo "1797"]
[BlackElo "1492"]
[PlyCount "47"]
[EventDate "2023.07.26"]
[EventRounds "7"]
[EventCountry "GER"]

1. e4 e5 2. Nf3 Nc6 3. Nc3 Bc5 4. Nxe5 Nxe5 5. d4 Bd6 6. dxe5 Bxe5 7. Bd3 Bxc3+ 8.
bxc3 Qf6 9. O-O Ne7 10. f4 d6 11. Rb1 h5 12. c4 O-O 13. Qxh5 Qg6 14. Qh4 f6 15. c5
dxc5 16. Bc4+ Rf7 17. f5 Bxf5 18. exf5 Nxf5 19. Qe4 Nh4 20. Qxh4 Qxc2 21. Bb2 g5
22. Bxf7+ Kxf7 23. Rxf6+ Ke7 24. Qe1+  1-0

[Event "5. Bamberg Open B"]
[Site "Bamberg"]
[Date "2023.07.29"]
[Round "6"]
[Board "8"]
[White "Kotitschke, Karlheinz"]
[Black "Fleischer, Christoph"]
[Result "1-0"]
[WhiteElo "1856"]
[BlackElo "1588"]
[PlyCount "85"]
[EventDate "2023.07.26"]
[EventRounds "7"]
[EventCountry "GER"]

1. d4 d5 2. Bf4 Nf6 3. e3 Bf5 4. c4 c6 5. Nc3 e6 6. Qb3 Qb6 7. c5 Qxb3 8. axb3 Nbd7
9. b4 Be7 10. Nf3 O-O 11. b5 cxb5 12. Bxb5 Rfc8 13. h3 a6 14. Be2 Ne4 15. O-O Bg6
16. Nxe4 Bxe4 17. b4 Bxf3 18. Bxf3 Nf6 19. Ra2 Ne8 20. Rfa1 Nc7 21. Bxc7 Rxc7 22.
b5 Rac8 23. bxa6 bxa6 24. Rxa6 Kf8 25. Be2 e5 26. Bg4 Rd8 27. c6 exd4 28. exd4 Bd6
29. Bd7 Rcxd7 30. cxd7 Rxd7 31. Ra8+ Ke7 32. R1a7 Rxa7 33. Rxa7+ Ke6 34. Kf1 Bb4
35. Ke2 g6 36. Ra6+ Ke7 37. g4 Bc3 38. Kd3 Be1 39. f4 h5 40. gxh5 gxh5 41. Rh6 h4
42. Rh5 Ke6 43. Re5+  1-0

[Event "5. Bamberg Open B"]
[Site "Bamberg"]
[Date "2023.07.29"]
[Round "6"]
[Board "9"]
[White "Lasschuit, Rene"]
[Black "Delikatnyi, Denys"]
[Result "0-1"]
[WhiteElo "1612"]
[BlackElo "1614"]
[PlyCount "60"]
[EventDate "2023.07.26"]
[EventRounds "7"]
[EventCountry "GER"]

1. e4 c5 2. Nf3 Nc6 3. c3 d5 4. exd5 Qxd5 5. d4 Bg4 6. Be2 e6 7. h3 Bf5 8. O-O Nf6
9. Be3 cxd4 10. Nxd4 Be7 11. Nxc6 Qxc6 12. Qb3 a6 13. Bf3 Be4 14. Nd2 Bxf3 15. Nxf3
O-O 16. Rfd1 Rfd8 17. Rd4 b5 18. a4 Rdb8 19. Bf4 bxa4 20. Qxb8+ Rxb8 21. Bxb8 a3
22. bxa3 Qxc3 23. Rad1 Nd5 24. R4d3 Qc4 25. Be5 f6 26. Bd4 Qb5 27. Ne1 Nf4 28. Rf3
Ne2+ 29. Kh1 Nxd4 30. Rxd4 Qf1+  0-1

[Event "5. Bamberg Open B"]
[Site "Bamberg"]
[Date "2023.07.29"]
[Round "6"]
[Board "10"]
[White "Eis, Cedric"]
[Black "Rode, Stefan"]
[Result "0-1"]
[WhiteElo "1389"]
[BlackElo "1734"]
[PlyCount "130"]
[EventDate "2023.07.26"]
[EventRounds "7"]
[EventCountry "GER"]

1. e4 c5 2. c3 d5 3. exd5 Qxd5 4. d4 cxd4 5. cxd4 Nf6 6. Nc3 Qd8 7. Nf3 e6 8. a3
Be7 9. Bc4 O-O 10. O-O Qc7 11. Ba2 a6 12. Re1 Nc6 13. h3 Rd8 14. Be3 Bd7 15. Qc2
Rac8 16. Rad1 Qa5 17. Qb3 b5 18. Bf4 b4 19. Ne4 Nd5 20. Bd2 Qb6 21. Qd3 Be8 22. Rc1
Rc7 23. Nc5 Nxd4 24. Nxd4 Bxc5 25. Be3 Nf6 26. axb4 Bxd4 27. Rxc7 Qxc7 28. Bxd4 Qd6
29. Rd1 e5 30. Bc4 Qxd4 31. Qxd4 Rxd4 32. Rxd4 exd4 33. Bxa6 Nd5 34. b5 Nc7 35. Kf1
Bxb5+ 36. Bxb5 Nxb5 37. Ke2 Kf8 38. Kd3 Ke7 39. Kc4 Kd6 40. f3 Ke5 41. g3 g5 42.
Kd3 f5 43. Kd2 h5 44. Ke2 h4 45. Kf2 d3 46. gxh4 gxh4 47. Ke3 d2 48. Kxd2 Kd4 49.
Ke2 Nc7 50. b4 f4 51. Kd2 Nb5 52. Ke2 Kc3 53. Kd1 Kd3 54. Ke1 Ke3 55. Kf1 Kxf3 56.
Kg1 Kg3 57. Kf1 f3 58. Kg1 Kxh3 59. Kf2 Kg4 60. Kg1 h3 61. Kh1 Kg3 62. Kg1 h2+ 63.
Kh1 Nc3 64. b5 Ne4 65. b6 Nf2#  0-1

[Event "5. Bamberg Open B"]
[Site "Bamberg"]
[Date "2023.07.29"]
[Round "6"]
[Board "11"]
[White "Martin Fernandez, Rafael"]
[Black "Buettner, Anton"]
[Result "1/2-1/2"]
[WhiteElo "1643"]
[BlackElo "1424"]
[PlyCount "91"]
[EventDate "2023.07.26"]
[EventRounds "7"]
[EventCountry "GER"]

1. e4 e5 2. Nf3 Nc6 3. Bb5 a6 4. Ba4 Nf6 5. d3 d6 6. c3 Be7 7. O-O O-O 8. Nbd2 Bg4
9. h3 Bh5 10. Re1 Nd7 11. Nf1 h6 12. Ng3 Bg6 13. Be3 Re8 14. Qd2 Bf8 15. Rad1 Ne7
16. Nh4 Bh7 17. Bb3 c6 18. Nf3 Bg6 19. Qe2 Nf6 20. Bc1 Qd7 21. d4 exd4 22. cxd4 Nf5
23. e5 Nxg3 24. fxg3 d5 25. Kh2 Ne4 26. Nd2 Nxd2 27. Qxd2 a5 28. Rf1 Bb4 29. Qf2
Re6 30. Bd2 Bxd2 31. Qxd2 Qe7 32. Bc2 Bxc2 33. Qxc2 f6 34. exf6 Rxf6 35. Rde1 Qf7
36. Qd3 Rf8 37. Rxf6 Qxf6 38. Qe3 Rd8 39. Re2 Qd6 40. Rf2 Rf8 41. Rxf8+ Kxf8 42.
Qc3 Qb4 43. Qf3+ Kg8 44. Qf2 Qd6 45. a3 b6 46. Qf5  1/2-1/2

[Event "5. Bamberg Open B"]
[Site "Bamberg"]
[Date "2023.07.29"]
[Round "6"]
[Board "12"]
[White "Thurn, Stephan"]
[Black "Holzhausen, Joerg"]
[Result "1-0"]
[WhiteElo "1539"]
[BlackElo "1520"]
[PlyCount "79"]
[EventDate "2023.07.26"]
[EventRounds "7"]
[EventCountry "GER"]

1. d4 Nf6 2. c4 e6 3. Nf3 d5 4. Nc3 Bb4 5. Bg5 O-O 6. Qb3 Bxc3+ 7. bxc3 c6 8. e3
Nbd7 9. Be2 Re8 10. O-O h6 11. Bh4 g5 12. Bg3 Ne4 13. Be5 f6 14. Bg3 Nxg3 15. hxg3
g4 16. Nd2 f5 17. Qc2 Qg5 18. cxd5 exd5 19. c4 Nf6 20. cxd5 cxd5 21. Qc7 Rxe3 22.
fxe3 Qxe3+ 23. Rf2 Qxd2 24. Qd8+ Kf7 25. Bf3 Qc3 26. Bxd5+ Kg6 27. Rd1 Be6 28. Qxa8
Bxd5 29. Qd8 Qe3 30. Qd6 h5 31. Qf4 Qe4 32. Qe5 Bc6 33. Rdf1 Bd7 34. Qxe4 Nxe4 35.
Rb2 Nxg3 36. Rxb7 Bc6 37. Rxa7 Ne2+ 38. Kf2 Nxd4 39. Rd1 Nb5 40. Ra6  1-0

[Event "5. Bamberg Open B"]
[Site "Bamberg"]
[Date "2023.07.29"]
[Round "6"]
[Board "13"]
[White "Reitz, Helmut"]
[Black "Bodling, Florian"]
[Result "1/2-1/2"]
[WhiteElo "1684"]
[BlackElo "1712"]
[PlyCount "35"]
[EventDate "2023.07.26"]
[EventRounds "7"]
[EventCountry "GER"]

1. d4 d6 2. Nf3 Nf6 3. e3 g6 4. Nbd2 Bg7 5. Bd3 O-O 6. O-O Nbd7 7. c3 e5 8. e4 Nh5
9. Nc4 b5 10. Na3 a6 11. Bg5 Nhf6 12. Nc2 c5 13. dxe5 dxe5 14. c4 bxc4 15. Bxc4 Qb6
16. Bxf6 Nxf6 17. Nxe5 Be6 18. Bxe6  1/2-1/2